Rahsia minda jutawan : Amar Mahmood

Bibliographic Details
Main Author: Amar Mahmood
Format: Book
Published: Kuala Lumpur : PTS Profesional Publishing , 2007
Subjects:

MARC

LEADER 00000cam a2200000 7i4500
001 0000015505
005 20150201.0
008 080327
020 |a 9833585884 
090 0 0 |a 158.1   |b AMA 
100 0 |a Amar Mahmood 
245 1 0 |a Rahsia minda jutawan :   |b Amar Mahmood 
260 |a Kuala Lumpur :   |b PTS Profesional Publishing ,   |c 2007 
650 0 |a Success   |x Psychological aspects 
650 0 |a Wealth 
999 |a 0001018007   |b Book   |c Adult Collection   |e Perbadanan Perpustakaan Awam Johor 
999 |a 0001018009   |b Book   |c Adult Collection   |e Perbadanan Perpustakaan Awam Johor 
999 |a 0001018010   |b Book   |c Adult Collection   |e Perbadanan Perpustakaan Awam Johor 
999 |a 0001018011   |b Book   |c Adult Collection   |e Perbadanan Perpustakaan Awam Johor